La Gestion efficace des projets de développement : un guide à l'exécution et l'évaluation (Record no. 27743)

MARC details
000 -LEADER
fixed length control field 00619 a2200229 4500
020 ## - NUMERO INTERNATIONAL NORMALISE DES LIVRES
International Standard Book Number 0-931816-09-2
100 ## - VEDETTE PRINCIPALE - NOM DE PERSONNE
Personal name BRINKERHOFF, Derick W.
130 ## - VEDETTE PRINCIPALE - TITRE UNIFORME
Language of a work Fr.
260 ## - PUBLICATION, DISTRIBUTION, ETC. (IMPRINT)
Place of publication, distribution, etc OAkwood
260 ## - PUBLICATION, DISTRIBUTION, ETC. (IMPRINT)
Name of publisher, distributor, etc Kumarian Press
245 ## - TITLE STATEMENT
Title La Gestion efficace des projets de développement : un guide à l'exécution et l'évaluation
260 ## - PUBLICATION, DISTRIBUTION, ETC. (IMPRINT)
Date of publication, distribution, etc 1991
250 ## - EDITION STATEMENT
Edition statement 27ME
300 ## - PHYSICAL DESCRIPTION
Extent XVI-136p.
440 ## - SERIES STATEMENT/ADDED ENTRY--TITLE
Title Kumarian Press Library of Management for Dévelopment
650 ## - SUBJECT ADDED ENTRY--TOPICAL TERM
Topical term or geographic name as entry element Projet de développement
650 ## - SUBJECT ADDED ENTRY--TOPICAL TERM
Topical term or geographic name as entry element gestion
650 ## - SUBJECT ADDED ENTRY--TOPICAL TERM
Topical term or geographic name as entry element évaluation
651 ## - SUBJECT ADDED ENTRY--GEOGRAPHIC NAME
Geographic name pays en développement
Holdings
Withdrawn status Lost status Damaged status Not for loan Location (home branch) Sublocation or collection (holding branch) Date acquired Koha issues (times borrowed) Koha full call number Koha date last seen Copy number Price effective from Koha item type Public note
        Bibliothèque-Centre de Documentation de la Faculté des Sciences Agronomiques Bibliothèque-Centre de Documentation de la Faculté des Sciences Agronomiques     ESR.1991.049 28/02/2009 1 28/02/2009 Livre A.6906


© 2008, Bibliothèques de l'Université d'Abomey-Calavi

04 BP 789 Cotonou, Tél. : +229 21 36 01 01, Fax : +229 21 35 06 32

Courriel : bu@bu.uac.bj